[Event "Montcalm I 2008-09"]
[Site "Quebec CAN"]
[Date "2008.09.11"]
[Round "2"]
[White "Auger, Bertrand"]
[Black "Lapierre, Gaetan"]
[Result "1/2-1/2"]
[WhiteElo "2054"]
[BlackElo "1877"]
[PlyCount "123"]
[GameId "2160767910328166"]
[EventDate "2008.09.04"]
[EventType "swiss"]
[EventRounds "5"]
[EventCountry "CAN"]
[SourceTitle "EXT 2011"]
[Source "ChessBase"]
[SourceDate "2011.11.26"]
[SourceVersion "1"]
[SourceVersionDate "2011.11.26"]
[SourceQuality "1"]

1. Nf3 d6 2. d4 Nf6 3. g3 Nbd7 4. Bg2 e5 5. dxe5 dxe5 6. O-O c6 7. c4 Bc5 8. Nc3 O-O 9. Qc2 Re8 10. e4 Qc7 11. Na4 Be7 12. a3 Nf8 13. c5 Bg4 14. Be3 h6 15. Nd2 Qc8 16. Nc4 Bh3 17. f3 Bxg2 18. Kxg2 Qe6 19. b4 Red8 20. Rad1 Ne8 21. Nab2 Bg5 22. Qc1 Bxe3 23. Qxe3 Nh7 24. f4 exf4 25. gxf4 Nhf6 26. e5 Rxd1 27. Rxd1 Qg4+ 28. Qg3 Qe2+ 29. Qf2 Qg4+ 30. Kh1 Nd5 31. Rd4 Nec7 32. Nd1 Ne6 33. Nde3 Nxe3 34. Nxe3 Qh5 35. Rd7 Rd8 36. Rxd8+ Nxd8 37. f5 g6 38. Qd2 Qf3+ 39. Kg1 Kh7 40. fxg6+ Kxg6 41. Qd3+ Kh5 42. Qf5+ Qxf5 43. Nxf5 Kg5 44. Ne3 Kf4 45. Kf2 h5 46. Nc4 Ke4 47. a4 Kd4 48. Nd6 Kc3 49. b5 cxb5 50. axb5 a5 51. bxa6 bxa6 52. Ke2 a5 53. Kd1 a4 54. Kc1 Kd4 55. Nxf7 Nc6 56. e6 Kxc5 57. Ng5 Kd6 58. Kb2 Nd4 59. h4 Nxe6 60. Ne4+ Ke5 61. Ng3 Ng7 62. Ka3 1/2-1/2

[Event "Montcalm I 2008-09"]
[Site "Quebec CAN"]
[Date "2008.09.11"]
[Round "2"]
[White "Caron, Sebastien"]
[Black "Lessard, Claude"]
[Result "1/2-1/2"]
[WhiteElo "1909"]
[BlackElo "2119"]
[PlyCount "78"]
[GameId "2160767910328167"]
[EventDate "2008.09.04"]
[EventType "swiss"]
[EventRounds "5"]
[EventCountry "CAN"]
[SourceTitle "EXT 2011"]
[Source "ChessBase"]
[SourceDate "2011.11.26"]
[SourceVersion "1"]
[SourceVersionDate "2011.11.26"]
[SourceQuality "1"]

1. e4 c6 2. d4 d5 3. exd5 cxd5 4. c4 Nf6 5. Nc3 g6 6. Bg5 Bg7 7. Nf3 Ne4 8. Be3 Nxc3 9. bxc3 O-O 10. Bd3 dxc4 11. Bxc4 b6 12. O-O Nc6 13. Ng5 e6 14. f4 Na5 15. Bd3 Bb7 16. Be4 Bxe4 17. Nxe4 Rc8 18. Rc1 Qd5 19. Qf3 Qxa2 20. g4 Qd5 21. f5 gxf5 22. gxf5 Qxf5 23. Qxf5 exf5 24. Nd6 Rc6 25. Nxf5 Re8 26. Rce1 Nc4 27. Rf3 Nxe3 28. Rfxe3 Rxe3 29. Rxe3 Kf8 30. Nxg7 Kxg7 31. Re7 a5 32. Rb7 Kf6 33. Kf2 Ke6 34. c4 Rxc4 35. Rxb6+ Kf5 36. Rb5+ Ke4 37. Rxa5 Rxd4 38. Rh5 f5 39. Rxh7 Rd2+ 1/2-1/2

[Event "Montcalm I 2008-09"]
[Site "Quebec CAN"]
[Date "2008.09.11"]
[Round "2"]
[White "Cournoyer, Dominic"]
[Black "Rainfray, Arnaud"]
[Result "0-1"]
[WhiteElo "1936"]
[BlackElo "2388"]
[PlyCount "82"]
[GameId "2160767910328168"]
[EventDate "2008.09.04"]
[EventType "swiss"]
[EventRounds "5"]
[EventCountry "CAN"]
[SourceTitle "EXT 2011"]
[Source "ChessBase"]
[SourceDate "2011.11.26"]
[SourceVersion "1"]
[SourceVersionDate "2011.11.26"]
[SourceQuality "1"]

1. c4 Nf6 2. Nc3 e6 3. Nf3 d5 4. e3 c5 5. d4 a6 6. Be2 dxc4 7. Bxc4 b5 8. Be2 Bb7 9. dxc5 Qxd1+ 10. Kxd1 Bxc5 11. a3 Nbd7 12. b4 Bd6 13. Bd3 Ne5 14. Ke2 Nxd3 15. Kxd3 Ng4 16. Ke2 Ne5 17. Nd2 f5 18. Bb2 Kf7 19. f4 Nd7 20. Nf3 Nb6 21. Rhd1 Ke7 22. Nd2 Rhg8 23. Kf2 g5 24. g3 Rac8 25. Rac1 h6 26. Ne2 Nd5 27. Nd4 Nf6 28. h3 gxf4 29. exf4 Bb8 30. N4f3 Rxc1 31. Rxc1 Ne4+ 32. Nxe4 fxe4 33. Ne5 e3+ 34. Ke1 Rxg3 35. Nc6+ Bxc6 36. Rxc6 Rg1+ 37. Ke2 Rg2+ 38. Kxe3 Rxb2 39. Rxa6 Rh2 40. Ke4 Rxh3 41. Rb6 Re3+ 0-1

[Event "Montcalm I 2008-09"]
[Site "Quebec CAN"]
[Date "2008.09.11"]
[Round "2"]
[White "Drolet, Stephane"]
[Black "Perron, Jonathan"]
[Result "1-0"]
[WhiteElo "2144"]
[BlackElo "1931"]
[PlyCount "87"]
[GameId "2160767910328169"]
[EventDate "2008.09.04"]
[EventType "swiss"]
[EventRounds "5"]
[EventCountry "CAN"]
[SourceTitle "EXT 2011"]
[Source "ChessBase"]
[SourceDate "2011.11.26"]
[SourceVersion "1"]
[SourceVersionDate "2011.11.26"]
[SourceQuality "1"]

1. d4 Nf6 2. Nf3 e6 3. Nbd2 c5 4. e3 b6 5. Bd3 Bb7 6. b3 Be7 7. Bb2 O-O 8. O-O d5 9. Ne5 Nc6 10. Nxc6 Bxc6 11. Qf3 Rc8 12. Qh3 g6 13. dxc5 bxc5 14. Nf3 c4 15. Be2 Nh5 16. Ne5 Ng7 17. Rfd1 cxb3 18. axb3 a5 19. Bd3 Bb7 20. Ra4 Bb4 21. Qh6 f6 22. Nxg6 hxg6 23. Bxg6 Rf7 24. c3 Bc6 25. cxb4 Bxa4 26. Qh7+ Kf8 27. bxa4 axb4 28. h4 Qd7 29. Bxf7 Qxf7 30. Qh8+ Qg8 31. Qxg8+ Kxg8 32. Bxf6 Ra8 33. Rd4 Rxa4 34. Rg4 Ra7 35. Bxg7 Rxg7 36. Rxb4 Kh7 37. Rb6 Rg6 38. Kh2 Rh6 39. Kh3 Rf6 40. f4 Kg7 41. g4 d4 42. g5 Rf5 43. Rxe6 dxe3 44. Kg4 1-0

[Event "Montcalm I 2008-09"]
[Site "Quebec CAN"]
[Date "2008.09.11"]
[Round "2"]
[White "Gaudreault, Stephane"]
[Black "Bourassa, Andre"]
[Result "0-1"]
[WhiteElo "1287"]
[BlackElo "1701"]
[PlyCount "114"]
[GameId "2160767910328170"]
[EventDate "2008.09.04"]
[EventType "swiss"]
[EventRounds "5"]
[EventCountry "CAN"]

1. d4 d5 2. c4 e6 3. Nc3 Nf6 4. Bf4 Bb4 5. Bd2 O-O 6. Nf3 dxc4 7. e3 Bxc3 8. Bxc3 b5 9. Be2 Bb7 10. O-O Nd5 11. Rb1 a6 12. Qc2 f5 13. Ne5 Nxc3 14. bxc3 Be4 15. Qb2 Bxb1 16. Rxb1 Nd7 17. Nc6 Qf6 18. f4 Nb6 19. Ne5 Rad8 20. Qa3 Nd5 21. Kf2 Rd6 22. g3 Qh6 23. h4 Nf6 24. Bf3 Ne4+ 25. Bxe4 fxe4 26. Kg2 Qh5 27. Re1 Qe8 28. Rb1 Qb8 29. Qa5 Qb6 30. Qb4 Rc8 31. a3 c5 32. Qb2 Qa5 33. Kf2 Rd5 34. Ke2 Rxe5 35. fxe5 Rf8 36. Rf1 Rxf1 37. Kxf1 cxd4 38. exd4 Qd8 39. Qf2 Qe7 40. Qb2 Qf7+ 41. Qf2 Qh5 42. Ke1 Qg4 43. Kd2 g6 44. Qf6 Qxg3 45. Qxe6+ Kg7 46. Qf6+ Kh6 47. e6 Qd3+ 48. Ke1 Qxc3+ 49. Kd1 Qd3+ 50. Kc1 Qxa3+ 51. Kd1 Qd3+ 52. Ke1 Qe3+ 53. Kd1 c3 54. Qg5+ Qxg5 55. hxg5+ Kg7 56. Kc2 b4 57. d5 Kf8 0-1

[Event "Montcalm I 2008-09"]
[Site "Quebec CAN"]
[Date "2008.09.18"]
[Round "3"]
[White "Bourassa, Andre"]
[Black "Cournoyer, Dominic"]
[Result "1/2-1/2"]
[WhiteElo "1701"]
[BlackElo "1936"]
[PlyCount "141"]
[GameId "2160767910328171"]
[EventDate "2008.09.04"]
[EventType "swiss"]
[EventRounds "5"]
[EventCountry "CAN"]

1. d4 d5 2. c4 c6 3. Nf3 Nf6 4. Bf4 Nh5 5. Bxb8 Rxb8 6. e3 Nf6 7. Nbd2 Bg4 8. Qa4 Bxf3 9. Nxf3 e6 10. a3 a6 11. Bd3 Bd6 12. O-O O-O 13. Rac1 Re8 14. c5 Bc7 15. b4 e5 16. dxe5 Bxe5 17. Qc2 h6 18. Rcd1 Qc7 19. h3 Rbd8 20. Nh4 Qe7 21. Nf5 Qd7 22. f4 Bc7 23. Rf3 Ne4 24. Bxe4 Rxe4 25. Qxe4 dxe4 26. Rxd7 Rxd7 27. Rg3 g6 28. Nxh6+ Kh7 29. Ng4 Rd1+ 30. Kh2 f5 31. Nf6+ Kh6 32. Ng8+ Kg7 33. Ne7 Rd3 34. Nxf5+ Kf6 35. Nh4 g5 36. Rxg5 Rxe3 37. g3 Rxa3 38. Ng2 Rb3 39. h4 Rxb4 40. h5 Rd4 41. h6 Rd7 42. Nh4 Rh7 43. Rg6+ Kf7 44. f5 a5 45. Re6 e3 46. Nf3 Bd8 47. Ne5+ Kf8 48. Kg2 Bg5 49. Ng4 a4 50. Nxe3 Bxh6 51. Nc4 Bg5 52. Nd6 Re7 53. Rg6 a3 54. Rxg5 a2 55. f6 a1=Q 56. fxe7+ Kxe7 57. Rg7+ Kf8 58. Rxb7 Qa2+ 59. Kh3 Qe6+ 60. Kh2 Qe2+ 61. Kh3 Qh5+ 62. Kg2 Qxc5 63. Ne4 Qd5 64. Kf3 c5 65. Rc7 c4 66. Rc5 Qd3+ 67. Kf4 Ke7 68. Ke5 Qb3 69. Kd4 Qd3+ 70. Ke5 Kf7 71. Rxc4 1/2-1/2

[Event "Montcalm I 2008-09"]
[Site "Quebec CAN"]
[Date "2008.09.18"]
[Round "3"]
[White "Dion, Jean-Francois"]
[Black "Drolet, Stephane"]
[Result "1-0"]
[WhiteElo "1939"]
[BlackElo "2144"]
[PlyCount "91"]
[GameId "2160767910328172"]
[EventDate "2008.09.04"]
[EventType "swiss"]
[EventRounds "5"]
[EventCountry "CAN"]
[SourceTitle "EXT 2011"]
[Source "ChessBase"]
[SourceDate "2011.11.26"]
[SourceVersion "1"]
[SourceVersionDate "2011.11.26"]
[SourceQuality "1"]

1. f4 g6 2. Nf3 Bg7 3. e3 d5 4. d4 c5 5. c4 cxd4 6. exd4 Nf6 7. Nc3 O-O 8. Ne5 b6 9. Be2 Bb7 10. Bf3 Na6 11. O-O Nc7 12. b4 a5 13. b5 Nd7 14. Ba3 Rb8 15. cxd5 Nxe5 16. dxe5 g5 17. d6 exd6 18. Bxd6 Re8 19. Be4 Nxb5 20. Bxh7+ Kxh7 21. Qh5+ Kg8 22. Nxb5 Rc8 23. Rac1 Re6 24. Rfd1 Rxc1 25. Rxc1 gxf4 26. Rc7 Qxc7 27. Nxc7 Rg6 28. Kf1 Bxg2+ 29. Kf2 Be4 30. Qh3 f3 31. Qc8+ Kh7 32. Ke3 Bc6 33. Ne8 Bh6+ 34. Kd4 f2 35. Qf5 Bxe8 36. Qxf2 Bg7 37. Kd5 Rg4 38. Qf5+ Rg6 39. h4 Kh6 40. Be7 f6 41. exf6 Bf7+ 42. Ke4 Bh8 43. Bf8+ Kh7 44. h5 Bxf6 45. Kf4 Bg5+ 46. Kf3 1-0

[Event "Montcalm I 2008-09"]
[Site "Quebec CAN"]
[Date "2008.09.18"]
[Round "3"]
[White "Lessard, Claude"]
[Black "Espanol Echevarria, Emmanuel"]
[Result "1-0"]
[WhiteElo "2119"]
[BlackElo "1774"]
[PlyCount "79"]
[GameId "2160767910328173"]
[EventDate "2008.09.04"]
[EventType "swiss"]
[EventRounds "5"]
[EventCountry "CAN"]
[SourceTitle "EXT 2011"]
[Source "ChessBase"]
[SourceDate "2011.11.26"]
[SourceVersion "1"]
[SourceVersionDate "2011.11.26"]
[SourceQuality "1"]

1. Nf3 Nf6 2. g3 g6 3. Bg2 Bg7 4. d3 d6 5. c4 c6 6. Nc3 e5 7. c5 Qc7 8. cxd6 Qxd6 9. Be3 Nbd7 10. Qa4 O-O 11. Rc1 Nd5 12. Nxd5 cxd5 13. O-O Nb6 14. Qa5 Re8 15. Nd2 Bg4 16. Rfe1 Be6 17. Nb3 d4 18. Bd2 Bd5 19. Bb4 Qd8 20. Bd2 Bxg2 21. Kxg2 e4 22. dxe4 Re5 23. Qa3 Rxe4 24. Nc5 Bf8 25. Qf3 Re5 26. Nxb7 Qd7 27. Na5 Rf5 28. Qc6 Qe7 29. Qb7 Qf6 30. f3 Re8 31. Qc6 Re6 32. Qb7 Rfe5 33. Kf2 Bc5 34. Rxc5 Rxc5 35. Nb3 Rh5 36. h4 Nd5 37. Bg5 Qe5 38. Nc5 Re8 39. Nd7 Qe6 40. Qxd5 1-0

[Event "Montcalm I 2008-09"]
[Site "Quebec CAN"]
[Date "2008.09.18"]
[Round "3"]
[White "Rainfray, Arnaud"]
[Black "Sauve, Richard"]
[Result "1-0"]
[WhiteElo "2388"]
[BlackElo "1976"]
[PlyCount "65"]
[GameId "2160767910328175"]
[EventDate "2008.09.04"]
[EventType "swiss"]
[EventRounds "5"]
[EventCountry "CAN"]
[SourceTitle "EXT 2011"]
[Source "ChessBase"]
[SourceDate "2011.11.26"]
[SourceVersion "1"]
[SourceVersionDate "2011.11.26"]
[SourceQuality "1"]

1. e4 e6 2. d4 d5 3. Nc3 Bb4 4. Nge2 dxe4 5. a3 Be7 6. Nxe4 Nf6 7. N2g3 O-O 8. c3 Nbd7 9. Bd3 c5 10. dxc5 Nxe4 11. Nxe4 f5 12. Ng3 Nxc5 13. Bc4 Qxd1+ 14. Kxd1 Bd7 15. Kc2 Rac8 16. Re1 Ne4 17. Ba2 Nxf2 18. Rxe6 Bxe6 19. Bxe6+ Kh8 20. Bxc8 Rxc8 21. Nxf5 Bf6 22. Nd6 Rc7 23. Be3 Ng4 24. Bxa7 Nxh2 25. Bb8 Re7 26. Nxb7 Re2+ 27. Kb3 Rxg2 28. Bxh2 Rxh2 29. a4 g5 30. a5 Be5 31. Re1 Bg3 32. a6 Rh6 33. a7 1-0

[Event "Montcalm I 2008-09"]
[Site "Quebec CAN"]
[Date "2008.09.24"]
[Round "4"]
[White "Dion, Jean-Francois"]
[Black "Rainfray, Arnaud"]
[Result "0-1"]
[WhiteElo "1939"]
[BlackElo "2388"]
[PlyCount "136"]
[GameId "2160767739706431"]
[EventDate "2008.09.04"]
[EventType "swiss"]
[EventRounds "5"]
[EventCountry "CAN"]

1. d4 Nf6 2. c4 e6 3. Nc3 c5 4. d5 exd5 5. cxd5 d6 6. e4 g6 7. Nf3 Bg7 8. Be2 O-O 9. O-O Re8 10. Nd2 a6 11. a4 b6 12. f3 Nbd7 13. Nc4 Ne5 14. Nxe5 Rxe5 15. Bf4 Re8 16. Qd2 Ra7 17. Bg5 Rae7 18. Rae1 Bb7 19. Bc4 Qd7 20. Re2 Re5 21. Rfe1 Nh5 22. f4 Rxg5 23. fxg5 Bd4+ {+} 24. Kh1 Qg4 25. Qd3 Nf4 26. Qf3 Qxf3 27. gxf3 Nxe2 28. Nxe2 Be3 29. Rb1 Bxg5 30. b4 Be3 31. bxc5 Bxc5 32. Nf4 Be3 33. Nd3 Rc8 34. Bb3 Rc3 35. Ne1 Bf2 36. Nc2 Rxf3 37. Kg2 Rf6 38. Bc4 Bc5 39. Nb4 Rf2+ {+} 40. Kg3 Rd2 41. Nxa6 Bxa6 42. Bxa6 Ra2 43. Bb5 Kg7 44. Rf1 f6 45. h4 Ra3+ {+} 46. Rf3 Ra1 47. Kf4 Bd4 48. Rb3 Rh1 49. Kg4 h5+ {+} 50. Kg3 Be5+ {+} 51. Kg2 Rxh4 52. Bd3 Rh2+ {+} 53. Kg1 Rb2 54. Rxb2 Bxb2 55. Kg2 Kh6 56. Bb5 Be5 57. Kf3 g5 58. Bd7 g4+ {+} 59. Kg2 Kg5 60. Bf5 Kf4 61. Bg6 h4 62. Bf5 Bd4 63. Kh2 Kf3 64. Kh1 g3 65. Bh3 Kxe4 66. Kg2 Kxd5 67. Kf3 Ke5 68. Kg4 Bf2 0-1

[Event "Montcalm I 2008-09"]
[Site "Quebec CAN"]
[Date "2008.09.24"]
[Round "4"]
[White "Plante, Rejean"]
[Black "Caron, Sebastien"]
[Result "1-0"]
[WhiteElo "1993"]
[BlackElo "1909"]
[PlyCount "104"]
[GameId "2160767739706432"]
[EventDate "2008.09.04"]
[EventType "swiss"]
[EventRounds "5"]
[EventCountry "CAN"]

1. e4 c5 2. Nf3 d6 3. d4 cxd4 4. Nxd4 Nf6 5. Nc3 a6 6. Bc4 Qc7 7. Bb3 Nbd7 8. O-O g6 9. f4 Nc5 10. f5 Nxb3 11. axb3 Bg7 12. Bg5 Qc5 13. Ra4 b5 14. Ncxb5 O-O 15. Rc4 Qb6 16. Nc7 Ra7 17. Bxf6 Rxc7 18. Bxg7 Rxc4 19. bxc4 Kxg7 20. b3 Bb7 21. Qd3 Qc5 22. Qe3 Qe5 23. Re1 Re8 24. Nf3 Qc5 25. Qxc5 dxc5 26. fxg6 hxg6 27. Ne5 Rd8 28. Nd3 Rc8 29. Kf2 Kf6 30. Ke3 Ke6 31. Rf1 f5 32. Nf4+ {+} Kf7 33. exf5 gxf5 34. Nd3 e6 35. g4 Be4 36. gxf5 Bxf5 37. c3 Rh8 38. Nxc5 Rh3+ {+} 39. Kd4 Kf6 40. Nxa6 Rd3+ {+} 41. Kc5 Rxc3 42. b4 Ke7 43. Rf4 Bd3 44. Nc7 Kd7 45. Nb5 Rb3 46. Rd4+ {+} Ke7 47. Nd6 e5 48. Rh4 Rc3 49. b5 e4 50. b6 e3 51. b7 e2 52. b8=Q e1=Q 1-0

[Event "Montcalm I 2008-09"]
[Site "Quebec CAN"]
[Date "2008.09.25"]
[Round "4"]
[White "Cummins, Paul"]
[Black "Bourassa, Andre"]
[Result "0-1"]
[WhiteElo "1787"]
[BlackElo "1701"]
[PlyCount "120"]
[GameId "2160767910328176"]
[EventDate "2008.09.04"]
[EventType "swiss"]
[EventRounds "5"]
[EventCountry "CAN"]

1. d4 d5 2. Nf3 Nf6 3. Bg5 e6 4. e3 Nbd7 5. Bd3 Bd6 6. Nbd2 h6 7. Bh4 g5 8. Bg3 Qe7 9. Ne5 Nb6 10. h4 g4 11. h5 Qf8 12. Bh4 Bxe5 13. dxe5 Nfd7 14. f4 gxf3 15. gxf3 Nxe5 16. Bb5+ Ned7 17. Qe2 a6 18. Bd3 Nc5 19. O-O-O Nbd7 20. e4 Nxd3+ 21. cxd3 d4 22. f4 Qc5+ 23. Kb1 b5 24. Rc1 Qb6 25. Qg4 Nf8 26. e5 f5 27. Qg1 Bb7 28. Rh2 Bd5 29. Rh3 Ra7 30. Bf2 c5 31. Nb3 Bxb3 32. axb3 Rc7 33. Qg2 Qa7 34. b4 c4 35. Qg1 Rg7 36. Rg3 Rhg8 37. Rxg7 Rxg7 38. Qh1 cxd3 39. Qd1 Rg2 40. Qf3 Rg4 41. Rc8+ Kf7 42. Qc6 Kg8 43. Qxe6+ Qf7 44. Qxf7+ Kxf7 45. Bxd4 Rxf4 46. Be3 Rf1+ 47. Ka2 f4 48. Bd2 Rf2 49. Bc1 Ne6 50. Kb3 f3 51. Ra8 Re2 52. Rxa6 f2 53. Ra7+ Ke8 54. Ra1 d2 55. Bxd2 Rxd2 56. Rf1 Nf4 57. Kc3 Re2 58. Kd4 Ke7 59. Kc5 Nd3+ 60. Kxb5 Re1 0-1

[Event "Montcalm I 2008-09"]
[Site "Quebec CAN"]
[Date "2008.10.02"]
[Round "5"]
[White "Auger, Bertrand"]
[Black "Bourassa, Andre"]
[Result "1/2-1/2"]
[WhiteElo "2054"]
[BlackElo "1701"]
[PlyCount "90"]
[GameId "2160767910328177"]
[EventDate "2008.09.04"]
[EventType "swiss"]
[EventRounds "5"]
[EventCountry "CAN"]
[SourceTitle "EXT 2011"]
[Source "ChessBase"]
[SourceDate "2011.11.26"]
[SourceVersion "1"]
[SourceVersionDate "2011.11.26"]
[SourceQuality "1"]

1. Nf3 d5 2. g3 g6 3. Bg2 Bg7 4. d4 c6 5. O-O Nh6 6. c4 dxc4 7. Na3 Nf5 8. e3 O-O 9. Nxc4 Nd6 10. b3 Na6 11. Ba3 Re8 12. Rc1 h6 13. Nfe5 Nxc4 14. Nxc4 Be6 15. Qc2 Rc8 16. Rfd1 Bd5 17. e4 Be6 18. Bb2 b5 19. Ne3 Nb4 20. Qb1 a5 21. d5 cxd5 22. Rxc8 Qxc8 23. Bxg7 Kxg7 24. exd5 Bd7 25. a3 Na6 26. b4 axb4 27. axb4 Qc3 28. Rc1 Qa3 29. Nc2 Qc3 30. Qa1 Qxa1 31. Rxa1 Bf5 32. Rxa6 Bxc2 33. Rb6 Ra8 34. f4 Ra1+ 35. Kf2 Bd3 36. Ke3 Bc4 37. d6 exd6 38. Rxd6 Rb1 39. Bc6 Rxb4 40. Rd4 Rb2 41. h4 Re2+ 42. Kf3 Re6 43. Bd7 Re7 44. g4 Re1 45. g5 hxg5 1/2-1/2

[Event "Montcalm I 2008-09"]
[Site "Quebec CAN"]
[Date "2008.10.02"]
[Round "5"]
[White "Espanol Echevarria, Emmanuel"]
[Black "Poliquin, Yvone"]
[Result "1/2-1/2"]
[WhiteElo "1774"]
[BlackElo "1865"]
[PlyCount "54"]
[GameId "2160767910328178"]
[EventDate "2008.09.04"]
[EventType "swiss"]
[EventRounds "5"]
[EventCountry "CAN"]
[SourceTitle "EXT 2011"]
[Source "ChessBase"]
[SourceDate "2011.11.26"]
[SourceVersion "1"]
[SourceVersionDate "2011.11.26"]
[SourceQuality "1"]

1. e4 e6 2. d4 d5 3. Nd2 c5 4. Ngf3 Nc6 5. exd5 exd5 6. dxc5 Bxc5 7. Nb3 Bb6 8. c3 Nge7 9. Bd3 h6 10. Bf4 Be6 11. Qd2 Qd7 12. Bb5 a6 13. Ba4 Kf8 14. O-O f6 15. Nbd4 Bf7 16. Rfe1 g5 17. Be3 Qc7 18. Ne6+ Bxe6 19. Bxb6 Qc8 20. Qe2 Kf7 21. Bc5 b5 22. Bb3 Re8 23. a4 Na5 24. Qd3 Nxb3 25. Qh7+ Kf8 26. Qxh6+ Kf7 27. Qh7+ Kf8 1/2-1/2

[Event "Montcalm I 2008-09"]
[Site "Quebec CAN"]
[Date "2008.10.02"]
[Round "5"]
[White "Plante, Rejean"]
[Black "Dion, Jean-Francois"]
[Result "1-0"]
[WhiteElo "1993"]
[BlackElo "1939"]
[PlyCount "127"]
[GameId "2160767910328180"]
[EventDate "2008.09.04"]
[EventType "swiss"]
[EventRounds "5"]
[EventCountry "CAN"]
[SourceTitle "EXT 2011"]
[Source "ChessBase"]
[SourceDate "2011.11.26"]
[SourceVersion "1"]
[SourceVersionDate "2011.11.26"]
[SourceQuality "1"]

1. d4 Nf6 2. c4 g6 3. Nc3 Bg7 4. e4 d6 5. f3 O-O 6. Be3 e5 7. d5 Nh5 8. Nge2 f5 9. Qd2 f4 10. Bf2 a6 11. O-O-O Nd7 12. Kb1 Rb8 13. Nc1 b6 14. Nd3 Nc5 15. Nb4 Bb7 16. Be2 Qe8 17. b3 a5 18. Nc2 Ba6 19. Na3 Rf7 20. Ncb5 Ra8 21. Kb2 Nf6 22. Nc3 Bf8 23. Nc2 Kh8 24. g4 fxg3 25. Bxg3 Nh5 26. Bf2 Nf4 27. Be3 Bh6 28. Rdg1 Qe7 29. Ne1 Raf8 30. Bf1 Qh4 31. Kb1 Bc8 32. Ng2 Qh5 33. Nxf4 Bxf4 34. Be2 Bh3 35. Nd1 Bxe3 36. Qxe3 Rf4 37. Nf2 Bd7 38. h3 Qh6 39. Ng4 Qg7 40. Rg3 Nb7 41. Qg1 Nd8 42. h4 Bxg4 43. Rxg4 Qf7 44. Rg5 Rg8 45. h5 Rf6 46. Qh2 h6 47. hxg6 Rgxg6 48. Rh5 Kg7 49. Qh3 Qe7 50. Qh4 Nf7 51. Rf5 Ng5 52. Qh5 Rxf5 53. exf5 Rf6 54. Bd3 Qf7 55. Qg4 Kf8 56. f4 exf4 57. Qxf4 Qe7 58. Kc2 Qe5 59. Qf2 Rf7 60. Rxh6 Ke7 61. Qh4 Rg7 62. Re6+ Qxe6 63. fxe6 Kf6 64. Qh6+ 1-0

[Event "Montcalm I 2008-09"]
[Site "Quebec CAN"]
[Date "2008.10.02"]
[Round "5"]
[White "Rainfray, Arnaud"]
[Black "Lessard, Claude"]
[Result "1-0"]
[WhiteElo "2388"]
[BlackElo "2119"]
[PlyCount "43"]
[GameId "2160767910328181"]
[EventDate "2008.09.04"]
[EventType "swiss"]
[EventRounds "5"]
[EventCountry "CAN"]
[SourceTitle "EXT 2011"]
[Source "ChessBase"]
[SourceDate "2011.11.26"]
[SourceVersion "1"]
[SourceVersionDate "2011.11.26"]
[SourceQuality "1"]

1. e4 c6 2. d4 d5 3. exd5 cxd5 4. c4 Nf6 5. Nc3 e6 6. Nf3 Bb4 7. cxd5 Nxd5 8. Qc2 Be7 9. a3 O-O 10. Bd3 g6 11. Bh6 Re8 12. h4 Nxc3 13. bxc3 Bf6 14. h5 e5 15. hxg6 exd4+ 16. Kf1 fxg6 17. Bxg6 Re7 18. Bxh7+ Rxh7 19. Qg6+ Rg7 20. Bxg7 Bxg7 21. Ng5 Qf6 22. Rh8+ 1-0

[Event "Montcalm II 2008-09"]
[Site "Quebec CAN"]
[Date "2008.10.09"]
[Round "1"]
[White "Caron, Sebastien"]
[Black "Bourassa, Andre"]
[Result "1-0"]
[WhiteElo "1910"]
[BlackElo "1759"]
[PlyCount "126"]
[GameId "2160767910311287"]
[EventDate "2008.10.09"]
[EventType "swiss"]
[EventRounds "5"]
[EventCountry "CAN"]
[SourceTitle "EXT 2011"]
[Source "ChessBase"]
[SourceDate "2011.11.26"]
[SourceVersion "1"]
[SourceVersionDate "2011.11.26"]
[SourceQuality "1"]

1. e4 c5 2. Nf3 d6 3. d4 cxd4 4. Nxd4 Nf6 5. Nc3 a6 6. Bg5 e6 7. f4 Be7 8. Qf3 Qc7 9. O-O-O Nc6 10. h3 Bd7 11. Qe3 Nxd4 12. Qxd4 Qc5 13. Qxc5 dxc5 14. e5 Nh5 15. Ne4 Bxg5 16. fxg5 Bc6 17. Nxc5 Ke7 18. Rg1 Rhd8 19. g3 Rxd1+ 20. Kxd1 g6 21. Be2 Ng7 22. g4 Rd8+ 23. Nd3 Ne8 24. Rg3 Nc7 25. Bf3 Nd5 26. Ke2 Bb5 27. Bxd5 Rxd5 28. Re3 Bxd3+ 29. cxd3 Rd4 30. Kd2 Rf4 31. Ke2 Kd7 32. Rf3 Rxf3 33. Kxf3 Kc6 34. Ke4 Kc5 35. a3 a5 36. b3 b6 37. d4+ Kc6 38. h4 Kc7 39. d5 exd5+ 40. Kxd5 Kd7 41. a4 Ke7 42. Kc6 Ke6 43. Kxb6 Kxe5 44. Kxa5 Kf4 45. b4 Kxg4 46. b5 Kxh4 47. b6 Kxg5 48. b7 f5 49. b8=Q f4 50. Qd8+ Kg4 51. Qd7+ Kg3 52. Qxh7 g5 53. Kb4 g4 54. Qc7 Kf3 55. Qc3+ Kg2 56. Qd2+ Kg3 57. Qe1+ Kg2 58. a5 f3 59. Qe4 g3 60. a6 Kf2 61. a7 g2 62. a8=Q g1=Q 63. Qxf3+ Ke1 1-0

[Event "Montcalm II 2008-09"]
[Site "Quebec CAN"]
[Date "2008.10.09"]
[Round "1"]
[White "Cournoyer, Dominic"]
[Black "Drolet, Stephane"]
[Result "1-0"]
[WhiteElo "1942"]
[BlackElo "2129"]
[PlyCount "99"]
[GameId "2160767910311288"]
[EventDate "2008.10.09"]
[EventType "swiss"]
[EventRounds "5"]
[EventCountry "CAN"]
[SourceTitle "EXT 2011"]
[Source "ChessBase"]
[SourceDate "2011.11.26"]
[SourceVersion "1"]
[SourceVersionDate "2011.11.26"]
[SourceQuality "1"]

1. c4 c5 2. Nf3 Nc6 3. d4 cxd4 4. Nxd4 Nf6 5. g3 Qb6 6. Nb3 e6 7. Bg2 Bb4+ 8. Bd2 Be7 9. O-O d6 10. Nc3 Ne5 11. Be3 Qd8 12. Nd4 O-O 13. b3 Qa5 14. Bd2 Qb6 15. Nf3 Nxf3+ 16. Bxf3 Bd7 17. Be3 Qc7 18. Bf4 Rfd8 19. Rc1 Qb6 20. e4 Be8 21. Qe2 Nd7 22. Rfd1 Ne5 23. Bg2 Bf6 24. Be3 Qa5 25. Nb5 Bxb5 26. cxb5 a6 27. f4 Ng6 28. b6 Nf8 29. Rc7 Rab8 30. Qc2 Qb5 31. Bf1 Qe8 32. Bg2 Be7 33. b4 Rd7 34. Rc1 Rbd8 35. a4 d5 36. exd5 Bxb4 37. Rxd7 Rxd7 38. dxe6 Qxe6 39. Bf2 Rd2 40. Qc4 Rd1+ 41. Bf1 Rxc1 42. Qxc1 Qd7 43. Qc7 Qd5 44. Bc4 Qd1+ 45. Kg2 Qd7 46. Be2 Bd6 47. Qxd7 Nxd7 48. Bf3 Nc5 49. a5 Nd3 50. Bxb7 1-0

[Event "Montcalm II 2008-09"]
[Site "Quebec CAN"]
[Date "2008.10.09"]
[Round "1"]
[White "Rainfray, Arnaud"]
[Black "Sauve, Richard"]
[Result "1-0"]
[WhiteElo "2397"]
[BlackElo "1960"]
[PlyCount "57"]
[GameId "2160767910311289"]
[EventDate "2008.10.09"]
[EventType "swiss"]
[EventRounds "5"]
[EventCountry "CAN"]
[SourceTitle "EXT 2011"]
[Source "ChessBase"]
[SourceDate "2011.11.26"]
[SourceVersion "1"]
[SourceVersionDate "2011.11.26"]
[SourceQuality "1"]

1. e4 e6 2. d4 d5 3. e5 c5 4. Nf3 cxd4 5. Bd3 Nc6 6. O-O Nge7 7. Bf4 Ng6 8. Bg3 Qb6 9. Qc1 Be7 10. h4 f6 11. exf6 gxf6 12. Qh6 Nge5 13. Nxe5 Nxe5 14. Bxe5 fxe5 15. Bxh7 Kd7 16. Nd2 Qd8 17. Qg7 Kd6 18. h5 Bf6 19. Qf7 Bd7 20. f4 exf4 21. Rxf4 Be5 22. Nf3 Bxf4 23. Qxf4+ Ke7 24. Ne5 Be8 25. Rf1 Bxh5 26. Qg5+ Kd6 27. Qxh5 Rxh7 28. Qxh7 Qb6 29. Nd3 1-0